[Event "Baku Open 2018"]
[Site "Baku"]
[Date "2018.12.02"]
[Round "9"]
[White "Abasov, Nijat"]
[Black "Safarli, Eltaj"]
[Result "1/2-1/2"]
[WhiteElo "2629"]
[BlackElo "2671"]
[Annotator "TA"]
[PlyCount "95"]
[EventDate "2018.11.24"]
[EventType "swiss"]
[EventCountry "AZE"]
[SourceTitle "playchess.com"]
[Source "ChessBase"]
[SourceQuality "1"]

{[%evp 15,95,-31,0,-29,35,19,13,16,25,22,29,12,32,31,19,18,33,21,21,9,15,0,0,0,0,0,18,0,2,0,0,-7,4,8,9,15,10,14,15,29,42,1,1,0,18,16,16,12,10,14,21,0,0,0,0,0,0,0,0,0,0,0,0,0,0,0,0,0,0,0,0,0,0,0,0,0,0,0,0,0,0,0]} 1. e4 e5 2. Nf3 Nc6 3. d4 exd4 4. Nxd4 Nf6 5. Nxc6 bxc6 6. e5 Qe7 7. Qe2 Nd5 8. Nd2 Qe6 {LiveBook: 9 Games. C45: Scotch Game} (8... Rb8 9. c4 Nb4 10. Nf3 c5 11. g3 Bb7 12. Bg2 Qe6 13. O-O Be7 14. b3 O-O 15. Bb2 d5 16. cxd5 Bxd5 {½-½ (31) So,W (2776)-Sargissian,G (2691) Batumi 2018}) 9. Qe4 $146 ({Predecessor:} 9. Nf3 c5 10. Ng5 Qe7 11. Qe4 Nb6 12. Bd3 c4 13. Be2 h6 14. Nf3 d5 15. Qe3 c5 16. c3 {½-½ (62) Muzychuk,A (2580)-Cabrera,A (2504) Caleta 2012}) 9... Qg6 ({Black should try} 9... Nb4 $11 10. Kd1 Bb7) 10. a3 Be7 11. Bd3 Qxe4+ 12. Nxe4 O-O 13. O-O d6 14. exd6 cxd6 15. Re1 Bf5 16. Bd2 Bg6 17. Rad1 Nb6 18. Nc5 Bf6 19. Bxg6 hxg6 20. Nd3 Na4 21. Bc1 a5 22. Re4 Nb6 $1 23. Be3 d5 24. Rg4 Nc4 25. Bc5 {And now b3 would win.} Rfe8 26. b3 Ne5 27. Nxe5 Rxe5 28. Be3 a4 {The position is equal.} 29. bxa4 Re4 30. Rxe4 dxe4 $11 {[%mdl 4096] Endgame KRB-KRB} 31. Rd6 Rxa4 32. Rxc6 Rxa3 {[#] ( -> ...Ra1+)} 33. g3 (33. Kf1 {feels hotter.} Ra4 34. Rc8+ Kh7 35. g4 Be5 36. Kg2) 33... Rc3 34. Rc5 Kf8 35. g4 Rxc5 36. Bxc5+ {KB-KB} Ke8 37. f3 exf3 38. Kf2 Kd7 39. c4 g5 40. Kxf3 Be5 41. h3 g6 42. Be3 f6 43. Ke4 {aiming for Bxg5!} Ke6 44. Kd3 Kd6 45. Bd2 Ke6 46. Be3 Kd6 47. Bd2 Ke6 48. Be3 {Accuracy: White = 69%, Black = 73%.} 1/2-1/2

[Event "Baku Open 2018"]
[Site "Baku"]
[Date "2018.12.02"]
[Round "9"]
[White "Aleksandrov, Aleksej"]
[Black "Tsydypov, Zhamsaran"]
[Result "1/2-1/2"]
[WhiteElo "2599"]
[BlackElo "2530"]
[Annotator "TA"]
[PlyCount "102"]
[EventDate "2018.11.24"]
[EventType "swiss"]
[EventCountry "AZE"]
[SourceTitle "playchess.com"]
[Source "ChessBase"]
[SourceQuality "1"]

{[%evp 22,102,0,-2,35,14,19,-12,-12,-18,16,0,0,0,17,8,8,18,11,14,15,0,10,5,66,0,0,0,0,0,0,0,0,0,0,-15,0,-5,0,-2,0,0,0,0,0,0,0,0,0,0,8,7,8,8,8,8,2,5,8,0,0,0,0,0,11,11,11,0,0,0,11,11,11,11,11,11,11,11,11,11,11,0,14]} 1. d4 Nf6 2. c4 e6 3. Nc3 Bb4 4. e3 O-O 5. Nf3 d5 6. Bd2 b6 7. Rc1 Bb7 8. Bd3 {E51: Nimzo-Indian: Rubinstein: 4...0-0 5 Nf3 d5} Be7 9. cxd5 exd5 10. Ne5 c5 11. O-O Nc6 12. Be1 {LiveBook: 3 Games} Qb8 $146 ({Predecessor:} 12... a6 13. f3 cxd4 14. Nxc6 Bxc6 15. exd4 Bb7 16. Bh4 Nh5 17. Bxe7 Qxe7 {1-0 (59) Yu,Y (2759)-Wang,H (2710) Tianjin 2018}) 13. f4 cxd4 14. Nxc6 Bxc6 15. exd4 Bb7 16. Bh4 Qd8 17. f5 Ne4 18. Bxe7 $1 Qxe7 19. Bxe4 dxe4 {[#]} 20. f6 $1 {[%mdl 512]} gxf6 21. Qg4+ Kh8 22. Qh4 Rad8 (22... e3 $11) 23. Rcd1 ({Better is} 23. Rf5 $1 $14 Rg8 {[#]} 24. Re5 $1 {[%mdl 512]}) 23... e3 $11 {The position is equal.} 24. Qxf6+ Qxf6 25. Rxf6 Kg7 26. Rf4 Rfe8 27. Re1 Rd7 28. h3 a6 29. Kh2 b5 30. a3 Re6 31. g4 Red6 32. Rxe3 Rxd4 33. Rxd4 Rxd4 {[%mdl 4096] Endgame KRB-KRN} 34. b4 h5 35. gxh5 Kh6 36. Ne2 Rd2 37. Kg3 Kxh5 38. Nf4+ Kh6 39. Re7 {[%mdl 64] Double Attack} Bc8 $1 40. Rxf7 Ra2 $1 41. Kh4 Rxa3 42. Rf6+ Kh7 43. Rc6 {Threatens to win with Rc7+.} Rf3 44. Rc7+ Kh6 45. Rc6+ Kh7 46. Kg5 Rg3+ 47. Kf6 Bxh3 48. Rxa6 Bf1 49. Ra7+ Kh6 50. Ra8 {[%cal Ra8h8]} Kh7 51. Ra7+ Kh6 {Accuracy: White = 64%, Black = 64%.} 1/2-1/2

[Event "Baku Open 2018"]
[Site "Baku"]
[Date "2018.12.02"]
[Round "9"]
[White "Gareyev, Timur"]
[Black "Guliev, Sarhan"]
[Result "1-0"]
[WhiteElo "2584"]
[BlackElo "2354"]
[Annotator "TA"]
[PlyCount "53"]
[EventDate "2018.11.24"]
[EventType "swiss"]
[EventCountry "AZE"]
[SourceTitle "playchess.com"]
[Source "ChessBase"]
[SourceQuality "1"]

{[%evp 18,53,17,0,36,34,46,44,49,23,22,23,45,38,120,128,117,131,175,182,177,160,180,189,237,237,225,217,568,565,562,552,541,532,953,939,29975,29973]} 1. d4 Nf6 2. c4 e6 3. Nc3 Bb4 4. e3 O-O 5. Nge2 d5 6. a3 Be7 7. Ng3 c5 8. dxc5 Bxc5 9. b4 Be7 {E46: Nimzo-Indian: Rubinstein: 4 e3 0-0 5 Ne2 without early Bd3} 10. Bb2 {LiveBook: 42 Games} a6 11. cxd5 exd5 {White is slightly better.} 12. Bd3 Nc6 13. Nce2 Bd6 14. O-O {[#]} Bg4 $146 ({Predecessor:} 14... Be6 15. f4 Bc7 16. Bc2 Bg4 17. Qd3 Bxe2 18. Nxe2 {½-½ (52) Svidler,P (2746)-Bologan,V (2672) Tromsoe 2013}) 15. h3 Bxg3 (15... Bxe2 $14 16. Nxe2 (16. Qxe2 Be5 $11) 16... Be5 17. Bxe5 Nxe5) 16. fxg3 $16 {Black must now prevent Bxf6.} Bxe2 17. Qxe2 Ne4 18. Bxe4 dxe4 19. Qg4 {[%csl Gb2][%cal Rg4g7][%mdl 64] Double Attack} f6 {[#]} 20. Rad1 $1 {[%cal Rd1d8,Ba1d1,Bd1d7,Bd7c7][%mdl 32]} ({Much less strong is} 20. Qxe4 $6 Qd6 $14) 20... Qc8 {[#]} 21. Rd7 $1 $40 {[%csl Gd7][%cal Rg4g7][%mdl 128] White is out for blood.} (21. Qxe4 Re8 $16) 21... Rf7 22. Rfd1 Ne5 $2 (22... f5 {is tougher.} 23. Rxf7 fxg4) 23. Bxe5 $1 $18 fxe5 24. Qe6 Qe8 25. Qb3 b5 26. Rc7 Rc8 27. Qxf7+ {Accuracy: White = 78%, Black = 27%.} 1-0

[Event "Baku Open 2018"]
[Site "Baku"]
[Date "2018.12.02"]
[Round "9"]
[White "Gasanov, Eldar"]
[Black "Davidov, Samir"]
[Result "0-1"]
[WhiteElo "2502"]
[BlackElo "2314"]
[Annotator "TA"]
[PlyCount "90"]
[EventDate "2018.11.24"]
[EventType "swiss"]
[EventCountry "AZE"]
[SourceTitle "playchess.com"]
[Source "ChessBase"]
[SourceQuality "1"]

{[%evp 10,90,76,42,54,61,78,76,102,65,99,100,151,133,150,114,133,103,140,118,146,104,108,109,149,122,129,139,135,141,163,165,245,221,260,256,279,285,421,416,579,616,545,432,452,419,497,329,410,383,377,379,322,95,100,77,82,29,26,15,26,0,0,-45,-44,-408,-408,-386,-378,-378,-378,-378,-370,-693,-693,-1043,-965,-965,-693,-29970,-693,-29988,-29989]} 1. d4 d6 2. Nf3 Nd7 3. c4 e5 4. Nc3 c6 5. e4 Ngf6 6. g3 {LiveBook: 164 Games} h6 {A55: Old Indian Defence with Nf3 and e4} (6... g6 7. Bg2 Bg7 8. O-O O-O 9. h3 a6 10. Qc2 b5 11. dxe5 dxe5 12. Rd1 Qe7 13. a3 Nb6 14. c5 Nc4 15. b3 Na5 16. b4 Nc4 17. a4 Be6 18. Nd2 {0-1 (34) Cernousek,L (2494)-Movsesian,S (2677) Prague 2016}) 7. Bg2 g5 8. O-O Qc7 {White is better.} 9. Rb1 $146 ({Predecessor:} 9. Re1 Rg8 10. b3 Bg7 11. dxe5 dxe5 12. Ba3 Qa5 {0-1 (35) Sampaio,W (1985)-Sales,J (1885) Fortaleza 2000}) 9... a5 10. b3 {[%cal Bb2b3,Bb3b4][%mdl 32]} b6 (10... Be7 $142) 11. Re1 $16 Be7 12. Be3 Bb7 13. Qc2 Rg8 14. a3 Nh7 15. b4 g4 16. Nd2 Ng5 17. d5 h5 18. dxc6 Bxc6 19. Nd5 Bxd5 20. exd5 Nh3+ (20... Rg6 {is a better defense.} 21. c5 bxc5 22. bxc5 Nxc5 23. Bxc5 Qxc5 24. Qxc5 dxc5 25. Rxe5 Rd8) 21. Kh1 axb4 22. axb4 h4 23. Ra1 Rc8 (23... Rd8 {was called for.} 24. Qf5 Rg6) 24. Qf5 $18 Bg5 25. f4 ({Not} 25. Qxg4 Bxe3 26. Qxg8+ Ke7 $16) 25... Be7 26. Bxh3 gxh3 27. g4 {[%cal Bg3g4,Bg4g5][%mdl 32]} Qb7 {Threatening ...Rxc4.} 28. Rec1 Nf6 29. g5 Qd7 30. Qxd7+ Nxd7 31. Ne4 $2 (31. f5 $18 {and the rest is easy.}) 31... f5 $16 {...exf4 is the strong threat.} 32. gxf6 Nxf6 {[#]} 33. Nxf6+ (33. Nf2 $1 $16) 33... Bxf6 $11 34. Bxb6 exf4 35. Ra7 Rg2 36. Re1+ Kf8 $1 37. Bc7 $2 {[%mdl 8192]} (37. b5 $15) 37... f3 $19 38. Bxd6+ Kg8 {Hoping for ...f2.} 39. Bc5 f2 40. Bxf2 Rxf2 41. d6 $2 {[#]} (41. Rg1+ Kh8 42. Ra3 Rxc4 43. d6) 41... Be5 $1 {[%mdl 512] ( -> ...Rcf8)} 42. Ra3 {Now d7 and White clings on.} (42. Rxe5 Rf1#) 42... Rxh2+ 43. Kg1 Bxd6 44. c5 Bg3 (44... Rg2+ $142 45. Kh1 Bg3 46. Rd1 Rb2 47. Ra4 Kf7 48. Rf1+ Kg6 49. Ra6+ Kh5 50. Ra7 Rxb4 51. Ra5 Rc4 52. Rf5+ Kg4 53. Rf1 R8xc5 54. Raa1 Rc2 55. Ra7 Rf2 56. Raa1 Rh2+ 57. Kg1 Rg5 58. Ra8 Bd6 59. Rh8 Kg3 60. Rc8 Bc5+ 61. Rxc5 Rxc5 62. Rd1 Rcc2 63. Rd3+ Kg4 64. Rd4+ Kf3 65. Rd3+ Ke4 66. Rd8 Rcg2+ 67. Kf1 Rh1#) 45. Rc1 Rf8 {Accuracy: White = 34%, Black = 35%.} 0-1

[Event "Baku Open 2018"]
[Site "Baku"]
[Date "2018.12.02"]
[Round "9"]
[White "Aliyev, Ravan"]
[Black "Gasimov, Parviz"]
[Result "1-0"]
[WhiteElo "2351"]
[BlackElo "2303"]
[Annotator "TA"]
[PlyCount "91"]
[EventDate "2018.11.24"]
[EventType "swiss"]
[EventCountry "AZE"]
[SourceTitle "playchess.com"]
[Source "ChessBase"]
[SourceQuality "1"]

{[%evp 26,91,36,4,6,10,24,0,37,37,47,54,64,54,86,61,121,130,127,132,250,235,252,246,240,141,136,132,144,142,155,147,129,132,192,140,141,137,350,346,329,179,438,322,397,174,485,487,991,990,1107,497,416,497,496,492,483,475,467,431,607,610,599,599,539,535,532,512]} 1. d4 d5 2. c4 c6 3. Nc3 Nf6 4. Nf3 e6 5. Bg5 h6 6. Bxf6 Qxf6 7. e3 Nd7 8. Bd3 dxc4 9. Bxc4 g6 10. O-O Bg7 11. Qc2 O-O {D43: Semi-Slav: 5 Bg5 h6} 12. Ne4 Qe7 13. Bb3 Rd8 14. Rad1 {LiveBook: 3 Games} a5 15. a3 {[#]} Rb8 $146 ({Predecessor:} 15... Ra6 16. Rd2 Nf6 17. Nc5 Ra7 18. Ne5 Bd7 19. Rfd1 {0-1 (54) Bareev,E (2675)-Dreev,A (2650) Wijk aan Zee 1995}) 16. Rfe1 Nf8 17. Ne5 {[%cal Bf3e5,Be5d3,Bd3f4][%mdl 32]} f6 18. Nd3 b6 19. Nf4 f5 20. Ng3 {[%cal Be4g3,Bg3e2,Be2f4][%mdl 32]} Qd6 (20... c5 $1 $14) 21. h4 $16 h5 22. Nh3 Nh7 (22... Qe7 $16 {was worth a try.}) 23. Ne2 Bh6 24. Nef4 Kg7 25. e4 ({White should play} 25. g3 $18) 25... Bxf4 26. e5 Qe7 27. Nxf4 Qxh4 28. Nxe6+ Bxe6 29. Bxe6 Rxd4 (29... Nf8 $16 {keeps fighting.} 30. Qxc6 Nxe6 31. Qxe6 Rxd4) 30. Rxd4 (30. Qxc6 $18 Rbd8 31. Rxd4 Qxd4 32. Bf7 {[%mdl 64] Decoy} Kxf7 33. e6+ Kg7 34. e7) 30... Qxd4 31. Qxc6 Kh6 $2 (31... Rf8 $16) 32. Bxf5 $18 {[%csl Gf5][%cal Rc6g6]} Rg8 33. Bb1 (33. Qc1+ $142 Ng5 34. Bb1) 33... Ng5 $2 (33... Qxb2 34. e6 Qd2) 34. Qc1 Rf8 35. Qe3 $40 {[%mdl 128] Black is in trouble.} (35. Qc2 $142 {[%csl Gb1][%cal Rc2g6]} Rg8 36. e6) 35... Qg4 $2 (35... Qxe3 {is more resistant.} 36. Rxe3 Ne6) 36. e6 Rf3 (36... Re8 $142) 37. Qd2 {Threatens to win with e7.} Rf4 38. Qxf4 (38. Re3 $142 Rd4 39. Bd3 Rxd3 40. Rxd3 Qxe6 41. f4) 38... Qxf4 39. e7 Qg4 {[#] ( -> ...Nf3+). White is clearly winning.} 40. Kf1 $1 ({Inferior is} 40. e8=Q Nf3+ 41. Kf1 Nd2+ 42. Kg1 Nf3+ 43. Kf1 Nd2+ 44. Kg1 Nf3+ $11) 40... Qc4+ {[#]} 41. Bd3 $1 {[%cal Rd3c4][%mdl 576] Promotion} Qxd3+ 42. Kg1 Qd2 (42... Nf7 $142 43. e8=Q Qd2 44. Qe3+ Qxe3 45. Rxe3 b5) 43. e8=Q {Intending Qf8+ and mate.} Qxb2 44. Qf8+ Qg7 45. Qxg7+ Kxg7 46. Rb1 {Accuracy: White = 57%, Black = 26%.} 1-0

[Event "Baku Open 2018"]
[Site "Baku"]
[Date "2018.12.02"]
[Round "9"]
[White "Mamedjarova, Zeinab"]
[Black "Popov, Ivan"]
[Result "0-1"]
[WhiteElo "2338"]
[BlackElo "2590"]
[Annotator "TA"]
[PlyCount "116"]
[EventDate "2018.11.24"]
[EventType "swiss"]
[EventCountry "AZE"]
[SourceTitle "playchess.com"]
[Source "ChessBase"]
[SourceQuality "1"]

{[%evp 15,116,-16,-27,-27,-11,-19,-27,-18,-18,-18,-20,-41,-38,-48,-39,-56,-44,-28,-33,-28,-8,-7,-10,-1,0,-4,-25,-33,-10,-22,0,0,0,0,0,0,0,0,47,37,33,24,79,77,78,78,79,77,76,75,157,152,140,106,118,73,64,68,75,71,160,0,0,0,0,0,0,0,0,-561,0,0,0,0,0,0,0,0,0,0,0,0,0,0,0,0,0,0,0,0,0,0,0,-12840,-12840,-12841,-12841,-12844,-12844,-12847,-12847,-29996,-29997]} 1. d4 Nf6 2. Nf3 c5 3. e3 d5 4. Bd3 Nc6 5. O-O Bg4 6. c3 {D04: Colle System} e6 7. Nbd2 Bd6 (7... cxd4 8. exd4 Bd6 9. Re1 O-O 10. Nf1 Re8 11. Bg5 h6 12. Bh4 e5 13. dxe5 Nxe5 14. Be2 Nxf3+ 15. Bxf3 Rxe1 16. Qxe1 Bxf3 17. gxf3 {½-½ (44) Golubov,S (2490)-Peralta,F (2574) Sitges 2016}) 8. h3 Bh5 {LiveBook: 4 Games} 9. dxc5 Bxc5 10. e4 O-O 11. exd5 exd5 12. Nb3 Bb6 13. Bf4 Re8 14. g4 Bg6 15. Bxg6 hxg6 16. Kg2 $146 ({Predecessor:} 16. Nbd4 Ne4 17. Qd3 Qf6 18. Bh2 {½-½ (49) Koch,F (1908)-Berger,S (2399) Berlin 2007}) 16... Ne4 17. Qd3 Qf6 18. Bh2 Rad8 19. Rae1 Re6 20. Nbd4 Nxd4 21. cxd4 Qe7 22. Rc1 Ng5 23. Nxg5 Qxg5 24. Bc7 Rde8 25. Bxb6 Rxb6 26. Rfe1 Rf8 27. Rc2 f5 28. Qe3 Qd8 (28... Qxe3 $11 {keeps the balance.} 29. fxe3 Re8) 29. Qe7 $36 {[%mdl 2048] White has strong initiative.} fxg4 30. hxg4 {Rc7 is the strong threat.} Qxe7 31. Rxe7 $16 {[%mdl 4096] Endgame Strongly threatening Rcc7. KRR-KRR} Rf4 32. Kg3 Rbf6 (32... g5 $142) 33. Rxb7 g5 34. Rxa7 Rxd4 35. a4 Rff4 36. a5 Rxg4+ 37. Kf3 Rde4 {[#]} ({Better is} 37... Ra4) 38. Rc8+ $2 (38. Rd7 $1 $16) 38... Kh7 $11 {( -> ...Rg1)} 39. Rcc7 Rg1 {[%csl Ge4,Gg1][%cal Rg5g4]} 40. Rxg7+ Kh8 (40... Kh6 $5 41. Rh7+ $8 Kg6 42. Rag7+ Kf6 43. Rf7+ Kg6 44. Rhg7+ Kh6 45. Rh7+ Kg6 46. Rfg7+ Kf6 47. Rf7+ Kg6 $11) 41. Rh7+ Kg8 {[%csl Ge4,Gg1][%cal Rg5g4]} 42. Rag7+ Kf8 {Hoping for ...g4+.} 43. a6 {[%cal Ba5a6,Ba6a7][%mdl 32]} ({Don't go for} 43. Rf7+ $2 Ke8 $19) 43... g4+ 44. Rxg4 Rexg4 (44... Rgxg4 $5 45. a7 $8 Ref4+ 46. Ke2 Re4+ 47. Kd3 Rd4+ 48. Kc3 Rc4+ 49. Kd3 Rcd4+ 50. Kc3 Rc4+ 51. Kd3 Rcd4+ $11) 45. a7 {[%cal Ra7a8]} Ra4 {Threatens to win with ...Rga1.} 46. Rh8+ $1 Rg8 47. Rh7 Ke8 {[#] aiming for ...Kd8.} 48. b4 $1 {[%mdl 512]} Rf8+ (48... Rxb4 49. a8=Q+) 49. Kg3 Ra3+ (49... d4 $5 50. b5 $8 d3 $11) 50. Kg2 $1 Rg8+ (50... d4 $5 51. b5 $8 Kd8 $11) 51. Kh2 $1 Rf8 52. Kg2 Ra2 (52... d4 $5 53. b5 $8 Rf5 $11) 53. Kg3 Rg8+ (53... d4 $5 54. b5 $8 d3 $11) 54. Kh3 $2 {[%mdl 8192]} (54. Kf4 $11) 54... Ra1 $19 {[%cal Ra1h1]} 55. Kh2 {[#]} d4 $1 {[%cal Bd5d4,Bd4d3,Bd3d2][%mdl 32]} 56. b5 d3 57. b6 d2 58. b7 {[#]} Rh1+ $1 {[%mdl 576] Decoy, Promotion. Accuracy: White = 72%, Black = 64%.} 0-1

[Event "Baku Open 2018"]
[Site "Baku"]
[Date "2018.12.02"]
[Round "9"]
[White "Guliev, Logman"]
[Black "Fier, Alexandr"]
[Result "1/2-1/2"]
[WhiteElo "2312"]
[BlackElo "2553"]
[Annotator "TA"]
[PlyCount "124"]
[EventDate "2018.11.24"]
[EventType "swiss"]
[EventCountry "AZE"]
[SourceTitle "playchess.com"]
[Source "ChessBase"]
[SourceQuality "1"]

{[%evp 20,124,32,0,31,17,46,37,40,31,53,51,48,58,56,52,61,63,100,76,77,64,116,124,147,131,162,104,120,20,22,19,15,29,10,13,16,0,88,87,81,87,67,84,94,89,101,95,88,95,107,54,54,54,61,61,54,55,66,62,94,55,54,54,54,62,139,106,79,93,262,265,654,635,637,558,529,290,431,407,316,145,854,907,1531,1531,5493,6374,6170,5493,5097,5057,29989,139,140,0,0,0,0,0,0,0,0,0,8,8,8]} 1. e4 c5 2. Nf3 e6 3. d4 cxd4 4. Nxd4 Nc6 5. Nc3 Qc7 6. g3 a6 7. Bg2 d6 8. O-O Bd7 9. a4 Nf6 10. Be3 {B47: Sicilian: Taimanov: 5 Nc3 Qc7 6 f4, 6 g3 and 6 Be2} Be7 11. f4 {LiveBook: 6 Games} Nxd4 12. Bxd4 {And now e5 would win.White is slightly better.} O-O 13. e5 $146 ({Predecessor:} 13. Kh1 Bc6 14. Qe2 Rac8 15. g4 Nd7 16. g5 e5 17. Be3 exf4 18. Bxf4 Ne5 19. b4 b6 20. Bh3 Rce8 21. Rad1 Bd8 {1-0 (51) Zherebukh,Y (2628)-Giri,A (2730) Germany 2012}) 13... Ne8 14. Ne4 {[%cal Bc3e4,Be4d2,Bd2f1,Bf1e3][%mdl 32]} d5 15. Nd2 Rc8 16. c3 b5 17. axb5 Bxb5 18. Rf2 Qb7 19. Nf1 f6 20. Ne3 f5 (20... fxe5 $14 21. Bxe5 Qb6) 21. g4 $16 {Strongly threatening gxf5.} Nc7 22. gxf5 exf5 23. Qb3 ({Better is} 23. Bh3 $18 Bd7 24. Rg2) 23... Rcd8 24. c4 (24. Qc2 $16) 24... dxc4 $11 25. Nxc4 (25. Bxb7 cxb3 26. Bb6 Rb8 $15) 25... Bc6 26. Qxb7 Bxb7 27. Bb6 Bxg2 28. Bxc7 Rd7 (28... Rd4 $11 29. Bd6 (29. Rxg2 Bc5 $11) (29. Kxg2 Rxc4 30. Bb6 Ra8 $11) 29... Bxd6 30. Nxd6 Bd5) 29. Bd6 $1 $36 {[%mdl 2048] White is really pushing.} (29. Rxg2 $6 Rxc7 30. b3 Rd8 $11) 29... Bc6 30. Bxe7 ({Much worse is} 30. Rxa6 $6 Bb5 $11) 30... Rxe7 31. Nd6 Bb5 32. Rc1 g6 33. Rfc2 Bd7 34. Rc7 {Hoping for e6!} Rg7 35. Ra7 (35. Ra1 $16) 35... Be6 $1 $14 36. Rxg7+ Kxg7 {[%mdl 4096] Endgame KRB-KRN} 37. Rc7+ Kh6 38. Re7 Bd5 39. Ne8 {Nf6 is the strong threat.} Bc4 40. Nf6 {[%csl Gf6][%cal Re7h7]} Rf7 41. Rxf7 Bxf7 {KB-KN} 42. h4 Bb3 (42... Kg7 $14) 43. Kf2 $16 Kg7 44. Ke3 h6 $2 (44... a5 $16) 45. Nd7 $1 $18 Kf7 $2 (45... a5 46. Kd4 Bf7) 46. Nc5 Bc4 47. Kd4 Bb5 48. Kd5 Ke7 (48... g5 $142 49. hxg5 (49. fxg5 hxg5 50. hxg5 Kg6 $18) 49... hxg5) 49. e6 a5 {[#] Black hopes to continue with ...a4.} 50. Ke5 (50. Nb3 $1 $18) 50... Bc4 $2 {[%mdl 8192]} (50... a4 $16 51. Nd7 Bc4) 51. b3 Bb5 52. Na4 g5 53. fxg5 hxg5 54. hxg5 {[%cal Bh4g5,Bg5g6][%mdl 32]} f4 {[#]} 55. g6 $1 {[%cal Rg6g7]} f3 56. Nc3 $2 (56. g7 {mates} f2 57. Nb6 f1=Q 58. Nd5+ Ke8 59. g8=Q+ Qf8 60. Qg6+ Kd8 61. e7+ Qxe7+ 62. Nxe7) 56... Kf8 $16 {White must now prevent ...f2.} 57. Ne4 ({White must play} 57. Nxb5 $16 {Threatening mate with Kf6.} f2 58. Kd6) 57... Kg7 $11 {The position is equal.} 58. Kf4 Kxg6 59. Kxf3 a4 60. bxa4 Bxa4 61. Kf4 Bb3 62. Ke5 Bxe6 {Accuracy: White = 59%, Black = 31%.} 1/2-1/2

[Event "Baku Open 2018"]
[Site "Baku"]
[Date "2018.12.02"]
[Round "9"]
[White "Eynullayev, Altay"]
[Black "Mgeladze, Tamaz"]
[Result "1/2-1/2"]
[WhiteElo "2180"]
[BlackElo "2395"]
[Annotator "NA"]
[PlyCount "72"]
[EventDate "2018.11.24"]
[EventType "swiss"]
[EventCountry "AZE"]
[SourceTitle "playchess.com"]
[Source "ChessBase"]
[SourceQuality "1"]
[TimeControl "40/5400+30:1800+30"]

1. d4 {[%emt 0:00:00]} Nf6 {[%emt 0:00:00]} 2. c4 {[%emt 0:00:00]} g6 {[%emt 0:00:03]} 3. Nc3 {[%emt 0:00:00]} Bg7 {[%emt 0:00:05]} 4. e4 {[%emt 0:00:00]} d6 {[%emt 0:00:04]} 5. Be2 {[%emt 0:00:00]} O-O {[%emt 0:00:07]} 6. Be3 {[%emt 0:00:02]} c5 {[%emt 0:00:04]} 7. d5 {[%emt 0:00:05]} e6 {[%emt 0:00:36]} 8. Nf3 {[%emt 0:00:08] E73: King's Indian: Averbakh Variation without 6...c5} exd5 {[%emt 0:00:04]} 9. cxd5 {[%emt 0:00:05]} Bg4 {[%emt 0:00:15]} (9... Re8 10. Nd2 c4 11. O-O Na6 12. Bf3 b6 13. Re1 Nc5 14. Bxc5 bxc5 15. e5 Rxe5 16. Rxe5 dxe5 17. Nxc4 {½-½ (23) Howell,D (2687)-Jones,G (2670) Hull 2018}) 10. Nd2 {[%emt 0:00:04]} Bxe2 {[%emt 0:00:07]} 11. Qxe2 {[%emt 0:00:04]} Re8 {[%emt 0:00:16]} 12. O-O {[%emt 0:00:16]} Na6 {[%emt 0:01:49]} 13. Kh1 {[%emt 0:00:25]} Nc7 {[%emt 0:01:33]} 14. a4 {[%emt 0:00:09]} Nd7 {[%emt 0:03:46]} 15. Rae1 $146 {[%emt 0:05:45]} ({Predecessor:} 15. f3 f5 {1-0 (32) Lye,L (2270)-Annaberdiev,M (2501) Budapest 2018}) 15... a6 {[%emt 0:01:57]} 16. Nc4 {[%emt 0:28:18]} Qe7 {[%emt 0:06:40]} 17. Bf4 {[%emt 0:03:59]} Ne5 {[%emt 0:00:39]} 18. Bxe5 {[%emt 0:13:11]} Bxe5 {[%emt 0:00:10]} 19. Nb6 {[%emt 0:00:03]} Rad8 {[%emt 0:02:17]} 20. f4 {[%emt 0:00:21]} Bxc3 {[%emt 0:16:31]} 21. bxc3 {[%emt 0:00:06]} f5 {[%emt 0:00:02]} 22. Qc4 {[%emt 0:05:02]} fxe4 {[%emt 0:00:30]} 23. Re3 {[%emt 0:00:08]} Qf6 {[%emt 0:15:00]} 24. Rxe4 {[%emt 0:04:17]} Rxe4 {[%emt 0:00:33]} 25. Qxe4 {[%emt 0:00:01]} Re8 {[%emt 0:00:01]} 26. Qf3 {[%emt 0:01:04]} Qf5 $11 {[%emt 0:03:51]} 27. Kg1 {[%emt 0:14:02]} Qe4 {[%emt 0:04:10]} 28. f5 {[%emt 0:04:49]} Qxf3 {[%emt 0:11:51]} 29. Rxf3 {[%emt 0:00:07]} Re1+ {[%emt 0:00:08]} 30. Kf2 {[%emt 0:00:53]} Rb1 {[%emt 0:00:02]} 31. fxg6 {[%emt 0:06:14]} hxg6 {[%emt 0:00:29]} 32. a5 {[%emt 0:02:38]} Kg7 {[%emt 0:04:33]} 33. Re3 {[%emt 0:01:10]} Kf8 {[%emt 0:01:57]} 34. Rf3+ {[%emt 0:00:31]} Kg7 {[%emt 0:01:46]} 35. Re3 {[%emt 0:00:32]} Kf8 {[%emt 0:06:43]} 36. Rf3+ {[%emt 0:00:06]} Kg7 {[%emt 0:00:06]} 1/2-1/2